00929nam a22002657a 45000010005000000030006000050050017000110080041000280200015000690400029000840500014001130820008001271000023001352450095001582500046002532600037002993000049003364900018003855050008004035200145004115210023005565210020005796500031005997000033006307532FISKH20250828130948.0250723b cb ||||| |||| 00| 0 eng d a0439104890 aFISKHbengcFISKHdFISKH aQA99 .S36 a510 aSchwartz, David M. aG is for Googol :bA math alphabet book /cBy David M. Schwartz : Pictures by Marissa Moss aFirst Scholastic printing, September 1999 aNew York : bScholastic ,c1998. a57 pages : bcolor illustrations ;c28 cm .  aAlphabet Book aR  aExplains the meaning of mathematical terms which begin with the different letters of the alphabet from abacus, binary, and cubit to zillion.8 a760 bLexile IG 8 aR bRaz-Plus  aAlphabet bookvNon-fiction aMoss, Marissa eIllustrator